Çalışan çocuk karikatürleri = Cartoons on child labour (Record no. 2001)

MARC details
000 -BAŞLIK
Sabit Uzunlukta Kontrol Alanı 00929na a2200265 4500
001 - KONTROL NUMARASI
Denetim Alanı 13248
003 - KONTROL NUMARASI IDENTIFIER
Denetim Alanı MIRAKIL
005 - SON İŞLEM TARİHİ VE ZAMANI
Denetim Alanı 20181213154842.0
008 - SABİT-BOY VERİ ELEMANLARI - GENEL BİLGİLER
Sabit Uzunlukta Kontrol Alanı 161102b tu 000 0
020 ## - ULUSLARARASI STANDART KİTAP NUMARASI
Uluslararası Standart Kitap Numarası 9786058790506
035 ## - SİSTEM KONTROL NUMARASI
Sistem Kontrol Numarası 13248
040 ## - KATALOGLAMA KAYNAK
Orijinal Kataloglama Ajansı Milas
Kataloglama Dili tur
Metne Dönüştürmek Ajansı TR-AnCHP
041 ## - DİL KODU
Metin / Ses Parça Veya Ayrı Başlığın Dil Kodu tur
082 ## - DEWEY ONLU SINIFLANDIRMA NUMARASI
Sınıflandırma Numarası 331.31
Ürün Numarası Ç24 2011
090 ## - SINIFLAMA NUMARASI
Sınıflama Numarası 331.31 Ç24 2011
245 ## - BAŞLIK TABLOSU
Başlık Çalışan çocuk karikatürleri = Cartoons on child labour
Sorumluluk Tablosu, Vb Çalışan Çocuklar Bilim ve Eylem Merkezi Vakfı, Karikatür Vakfı, DİSK/Genel-İş Sendikası
260 ## - YAYIN, DAĞITIM, VB
Yayın, Dağıtım, Vb Yeri Ankara
Yayıncı, Dağıtıcı, Vs Adı Çalışan Çocuklar Bilim ve Eylem merkezi Vakfı
Yayın, Dağıtım, Vb Tarihi 2011
300 ## - FİZİKSEL TANIM
Kapsam 88 s.
Diğer Fiziksel Ayrıntıları res.
Boyutlar 23 sm.
490 ## - SERİSİ TABLOSU
Seri Beyanı Çalışan Çocuklar Bilim ve Eylem Merkezi Vakfı Yayını
Hacim / Ardışık Tanımı S-005
650 ## - KONU KATMA GİRİŞ - TOPİKAL DÖNEM
Topikal Süreli Veya Coğrafi Ad Giriş Elemanı İşçiler
Genel Alt Bölümü Çocuklar
Kronolojik Alt Bölümü Karikatürler
650 ## - KONU KATMA GİRİŞ - TOPİKAL DÖNEM
Topikal Süreli Veya Coğrafi Ad Giriş Elemanı Karikatürler
Genel Alt Bölümü Çocuk işçiler
710 ## - KATMA GİRİŞ - KURUMSAL ADI
Giriş Elemanı Olarak Kurumsal Ad Veya Yargı Alanı Adı DİSK/Genel-İş Sendikası
710 ## - KATMA GİRİŞ - KURUMSAL ADI
Giriş Elemanı Olarak Kurumsal Ad Veya Yargı Alanı Adı Karikatür Vakfı
942 ## - EKLENDİ GİRİŞ ELEMANLARI (KOHA)
Sınıflandırma Veya Raf Düzeni Kaynak Dewey Decimal Classification
Koha Öğesi Türü Books
999 ## - SİSTEM KONTROL NUMARALARI (KOHA)
Koha Biblionumber 2001
Koha Biblioitemnumber 2001
Holdings
Kalıcı Konum Mevcut Konum Edinme Tarihi Edinim Kaynak Toplam Check-Out'Lar Tam Çağrı Numarası Barkod Tarih Son Görülme İtibaren Geçerli Fiyatlar Koha Öğesi Türü
CHP Kütüphanesi CHP Kütüphanesi 08/11/2016 Bağış   331.31 Ç24 2011 000925 08/11/2016 08/11/2016 Books